Catàleg del Col·legi de Periodistes de Catalunya

Hagan juego señores... (Registre núm. 5934)

000 -CABECERA
Longitud fija campo de control 00494nam a2200181 a 4500
001 - NÚMERO DE CONTROL
Número de control 5934
003 - IDENTIFICADOR DEL NÚMERO DE CONTROL
Identificador del número de control CDMR
005 - FECHA Y HORA DE LA ÚLTIMA TRANSACCIÓN
Fecha y hora de la última transacción 20160530230002.0
008 - CÓDIGOS DE INFORMACIÓN DE LONGITUD FIJA
Códigos de información de longitud fija 130220s1976||||||||||||||||||||||||||||d
040 ## - FUENTE DE LA CATALOGACIÓN
Centro catalogador de origen CDMR
Lengua de catalogación cat
Centro transcriptor CDMR
100 1# - PUNTO DE ACCESO PRINCIPAL-NOMBRE DE PERSONA
9 (RLIN) 673
Nombre de persona Martí Gómez, José
245 10 - MENCIÓN DE TÍTULO
Título Hagan juego señores...
Mención de responsabilidad, etc. Josep Martí Gómez i Josep Ramoneda
260 ## - PUBLICACIÓN, DISTRIBUCIÓN, ETC. (PIE DE IMPRENTA)
Lugar de publicación, distribución, etc. Hospitalet de Llobregat
Nombre del editor, distribuidor, etc. Laia
Fecha de publicación, distribución, etc. 1976
300 ## - DESCRIPCIÓN FÍSICA
Extensión 240 p ;
Dimensiones 17 cm
490 0# - MENCIÓN DE SERIE
Mención de serie Paperback
Designación de volumen o secuencia 20
-- 2885
630 ## - PUNTO DE ACCESO ADICIONAL DE MATERIA - TÍTULO UNIFORME
Título uniforme Recull d'articles
942 ## - ENTRADA DE ELEMENTOS AGREGADOS (KOHA)
Koha [por defecto] tipo de item Monografies
Fons
Suprimido Perdido Estropeado No para préstamo Localización permanente Localización actual Fecha adquisición Préstamos totales Signatura completa Código de barras Fecha última consulta Fecha último préstamo Fecha del precio de reemplazo Tipo de item de Koha
  Missing     Centre de Documentació Montserrat Roig Centre de Documentació Montserrat Roig 2013-02-20 1 Du 6 CDMR13108103 2013-09-16 2013-09-16 2013-02-20 Monografies

Implantat amb Koha